|
|
|
|
| LEADER |
00000nam2a2200000 4500 |
| 001 |
274993 |
| 005 |
20231101234800.0 |
| 010 |
|
|
|a 9781118384640
|
| 035 |
|
|
|a (RuTPU)RU\TPU\book\298222
|
| 035 |
|
|
|a RU\TPU\book\277760
|
| 090 |
|
|
|a 274993
|
| 100 |
|
|
|a 20141111d2013 k y0engy50 ba
|
| 101 |
0 |
|
|a eng
|
| 102 |
|
|
|a US
|
| 105 |
|
|
|a a g 001zy
|
| 200 |
0 |
|
|a Vol. 2
|
| 210 |
|
|
|d 2013
|
| 215 |
|
|
|a 1986 p.
|c il.
|
| 320 |
|
|
|a Index: p. 1943-1986.
|
| 330 |
|
|
|a The Handbook of Engineering Measurements is encyclopedic in scope, beyond anything currently available on the market. The handbook spans several disciplines: Civil and Environmental Engineering, Mechanical and Biomedical Engineering, and Industrial Engine.
|
| 461 |
|
1 |
|0 (RuTPU)RU\TPU\book\298306
|y 978-1-118-38463-3
|t Handbook of Measurement in Science and Engineering
|o in 2 vol.
|f edited by M. Kutz
|v Vol. 2
|d 2013
|
| 606 |
1 |
|
|a Измерительные приборы
|2 stltpush
|3 (RuTPU)RU\TPU\subj\12270
|9 39083
|
| 610 |
1 |
|
|a измерительная техника
|
| 610 |
1 |
|
|a измерительно-информационные системы
|
| 610 |
1 |
|
|a измерительное оборудование
|
| 610 |
1 |
|
|a измерительные инструменты
|
| 610 |
1 |
|
|a измерительные комплексы
|
| 610 |
1 |
|
|a измерения
|
| 610 |
1 |
|
|a электрические измерения
|
| 610 |
1 |
|
|a справочники
|
| 610 |
1 |
|
|a английский язык
|
| 675 |
|
|
|a 681.2.002(035)
|v 3
|
| 801 |
|
1 |
|a RU
|b 63413507
|c 20140327
|
| 801 |
|
2 |
|a RU
|b 63413507
|c 20141117
|g RCR
|
| 942 |
|
|
|c BK
|
| 959 |
|
|
|a 44/20140311
|d 1
|e 0
|f ЧЗИЛ:1
|